| 000 | 01281nam2a22002531 4500 | ||
|---|---|---|---|
| 001 | RU\NLR\INFOCOMM16\1000038867 | ||
| 005 | 20250617042606.0 | ||
| 035 | _a(NLR Aleph) 002446353 | ||
| 090 |
_a2122276 _c2122276 |
||
| 100 | _a20040303d1929 |||y0rusy50 ca | ||
| 101 | 0 | _arus | |
| 102 | _aRU | ||
| 105 | _ay ||||||||| | ||
| 200 | 0 | _aТ.7, Вып.1 | |
| 210 |
_d1929 _aБ. м. |
||
| 421 | 0 |
_12001#$aСборник правил и методы испытания качества семян заграницей$fИсаченко Б.Л. _1700#1$aИсаченко$bБ.Л. _1210##$aЛ.$d1929 _tСборник правил и методы испытания качества семян заграницей _aИсаченко, Б.Л. |
|
| 461 | 0 |
_1001RU\NLR\INFOCOMM16\1000038789 _12001#$aЗаписки по семеноведению$eИзд. Отделом семеноведения Ботан. сада. Акад. наук$vТ.7, Вып.1 _92121990 _cЛ. _d1912-1931 _oИзд. Отделом семеноведения Ботан. сада. Акад. наук _tЗаписки по семеноведению _vТ.7, Вып.1 |
|
| 801 | 1 |
_aRU _bInfoComm _c20040303 |
|
| 801 | 0 |
_aRU _bNLR _gPSBO |
|
| 852 |
_aNLR _jП13/515 |
||
| 942 | _cISSUE | ||
| 980 | _aNB | ||
| 980 | _aRUSPER | ||